Pavol Dobšinský

Bibliographic Details
Main Author: Švihran, Ladislav, 1931-2022 (Author)
Other Authors: Kellenberger, Martin, 1957- (Illustrator)
Format: Book
Language:Slovak
PhysicalDescription:30 strán ilustrácie 24 cm
Published: Senica Arkus 2001
ISBN:8088822467
Series:Malá encyklopédia osobností pre deti
Subjects:

MARC

LEADER 00000cam a2200000 a 4500
001 vtls001445898
003 SK-MaSNL
005 20260301230427.0
008 240226s2001 xo a grh 000 0bslo
015 |a SNBA2003/04-00973 
020 |a 8088822467  |q (viazané) 
035 |a SNK000401135 
035 |a urn:nbn:sk:snk-am3iq9j 
035 |a 245D222A-2A83-497F-A0F5-6FD3E3743EE3 
035 |a urn:nbn:sk:snk-am00fdt1 
040 |a SNK  |b slo  |c SNK  |e AACR2 
041 0 |a slo 
044 |a xo  |c SK 
072 7 |a 929  |x Biografie  |2 konspekt 
072 7 |a 821.162.4.09  |x Slovenská literatúra (o nej)  |2 konspekt 
080 |a 821.162.4-051  |2 2011 
080 |a 929(092)  |2 2011 
080 |a 82-93-053.4/.5  |2 2011 
080 |a (031)  |2 2011 
100 1 |a Švihran, Ladislav,  |d 1931-2022  |4 aut  |9 110359 
245 1 0 |a Pavol Dobšinský  |c text Ladislav Švihran ; ilustrácie Martin Kellenberger 
260 |a Senica  |b Arkus  |c 2001 
300 |a 30 strán  |b ilustrácie  |c 24 cm 
490 1 |a Malá encyklopédia osobností pre deti  |v zv. 2 
600 1 7 |a Dobšinský, Pavol,  |d 1828-1885  |2 SNKMA  |9 242422 
650 0 7 |a slovenskí spisovatelia  |2 SNKPH  |9 1258 
650 0 7 |a literatúra pre deti  |2 SNKPH  |9 55721 
655 7 |a biografie  |2 SNKPH  |9 27965 
655 7 |a encyklopédie  |2 SNKPH  |9 28776 
700 1 |a Kellenberger, Martin,  |d 1957-  |4 ill  |9 90777 
830 0 |a Malá encyklopédia osobností pre deti  |9 621237 
919 |a 80-88822-46-7 
958 |a TL 
958 |a BX 
958 |a BQ 
958 |a LX 
958 |a OND 
999 |c 954739  |d 956669 
952 |a SNK  |b SNK  |y PREZ  |7 0  |p 17A0367881  |o snkSC 110153  |i snkKSP 15145/2002  |0 0  |1 0  |4 0  |d 2002-12-16  |f 1  |l 0  |r 2025-09-30 00:00:00  |w 2026-02-24 
952 |a SNK  |b SNK  |y VYP  |7 0  |p 17A0367882  |o snkSC 110153 D1  |i snkKSP 15146/2002  |0 0  |1 0  |4 0  |d 2002-12-16  |l 0  |r 2005-01-02 00:00:00  |w 2026-02-24